| 000 | 00508nam a2200181Ia 4500 | ||
|---|---|---|---|
| 999 |
_c35769 _d35769 |
||
| 003 | OSt | ||
| 005 | 20201207121526.0 | ||
| 008 | 190216s9999||||xx |||||||||||||| ||und|| | ||
| 040 | _coclc | ||
| 082 |
_a351.1 _bGOV/T |
||
| 100 |
_aGovernment of Kerala _93290 |
||
| 245 | 0 |
_aThe Kerala Service Rules / _cGovernment of Kerala |
|
| 250 | _a5th Ed. | ||
| 260 |
_bGovernment Of Kerala, _c2007. |
||
| 300 | _a162p | ||
| 650 | _aReferences | ||
| 942 |
_cREF _2ddc _h351.1 _iGOV/T _k351.1 _mGOV/T |
||